NHL GOALIES 2026 - Statistics

General Stats
  • This quiz has been taken 528 times
    44 since last reset
  • The average score is 25 of 68
Answer Stats
TEAM GOALIES % Correct
BOS JEREMY SWAYMAN
71%
ANA LUKAS DOSTAL
71%
WPG CONNOR HELLEBUYCK
65%
COL SCOTT WEDGEWOOD
65%
STL JORDAN BINNINGTON
58%
BUF UKKO PEKKA LUUKKONEN
58%
OTT LINUS ULLMARK
55%
FLA SERGEI BOBROVSKY
55%
PIT STUART SKINNER
55%
EDM TRISTAN JARRY
55%
TBL ANDREI VASILEVSKIY
52%
DAL JAKE OETTINGER
52%
BUF ALEX LYON
48%
LAK DARCY KUEMPER
48%
CGY DUSTIN WOLF
48%
NYR IGOR SHESTERKIN
48%
NYI ILYA SOROKIN
48%
DET JOHN GIBSON
48%
NSH JUUSE SAROS
48%
CHI SPENCER KNIGHT
48%
VAN THATCHER DEMKO
45%
VGK ADIN HILL
42%
CAR BRANDON BUSSI
42%
DAL CASEY DESMITH
42%
CBJ ELVIS MERZLIKINS
42%
NJD JACOB MARKSTROM
42%
MTL JAKUB DOBES
42%
BOS JOONAS KORPISALO
42%
TOR JOSEPH WOLL
42%
WSH LOGAN THOMPSON
42%
MTL SAMUEL MONTEMBEAULT
42%
VGK CARTER HART
39%
EDM CONNOR INGRAM
39%
PHI DAN VLADAR
39%
NJD JAKE ALLEN
39%
NYR JONATHAN QUICK
39%
SEA JOEY DACCORD
35%
ANA PETR MRAZEK
35%
SEA PHILLIP GRUBAUER
35%
CAR PYOTR KOCHETKOV
35%
SJS YAROSLAV ASKAROV
35%
TOR ANTHONY STOLARZ
29%
LAK ANTON FORSBERG
29%
DET CAM TALBOT
29%
MIN FILIP GUSTAVSSON
29%
CAR FREDRIK ANDERSEN
29%
CBJ JET GREAVES
29%
VAN KEVIN LANKINEN
29%
PIT ARTURS SILOVS
26%
CHI ARVID SODERBLOM
26%
WSH CHARLIE LINDGREN
26%
FLA DANIIL TARASOV
26%
WPG ERIC COMRIE
26%
UTA KAREL VEJMELKA
26%
VGK AKIRA SCHMID
23%
CGY DEVIN COOLEY
23%
STL JOEL HOFER
23%
TBL JONAS JOHANSSON
23%
NSH JUSTUS ANNUNEN
23%
OTT LEEVI MERILAINEN
16%
PHI SAMUEL ERSSON
16%
SJS ALEX NEDELKJOVIC
13%
NYI DAVID RITTICH
10%
TOR DENIS HILDEBY
10%
MIN JESPER WALSTEDT
10%
COL MACKENZIE BLACKOOD
10%
UTA VITEK VANECEK
10%
VAN NIKITA TOLOPILO
6%
No matching quizzes found
Score Distribution
Percent of People with Each Score
Percentile by Number Answered
Your Score History
You have not taken this quiz since the last reset